000 00459nam a2200193Ia 4500
005 20240823045748.0
008 240823s9999||||xx |||||||||||||| ||und||
020 _a978-81-321-0746-0
041 _aENGLISH
082 _A658.8 Q1
100 _a"Brennan, Rose"
245 0 _aBusiness to Business Marketing
250 _a2nd
260 _c2011
_bSage Public
500 _aYES
650 _aBusiness
_bManagement Studies
942 _cBK
999 _c215703
_d215703